Szczegóły MARC21

Mówienie prawdy sobie nawzajem /

003 -Nazwa inst., której nr kontr. jest w polu 001 [,]
    • @
    • Nazwa instytucji, której n kontrolny jest w polu 001
    • NUKAT
005 -DATA I CZAS OSTATNIEJ MODYFIKACJI [,]
    • @
    • pole kontrolne
    • 20241231101125.0
020 -Międzynarod. znormalizowany nr książki - ISBN [ , ]
    • a
    • Numer ISBN
    • 8385646094 Find
040 -Instytucja sporządzająca opis [ , ]
    • a
    • Instytucja, która sporządziła opis (NP)
    • KAT U/21KS
    • c
    • Instytucja, która sporządziła rekord (NP)
    • KAT U/21KS
    • d
    • Instytucja, która zmodyfikowała rekord (P)
    • KAT U/21EZs
    • d
    • Instytucja, która zmodyfikowała rekord (P)
    • WR O/dja
041 -Język dokumentu [1, ]
    • a
    • Język tekstu (P)
    • polski
    • h
    • Język tekstu oryginalnego i/lub pośredniego (P)
    • angielski
942 -Rodzaj dokumentu [ , ]
    • c
    • Rodzaj dokumentu
    • Książka
100 -Hasło główne - nazwa osobowa [1, ]
    • a
    • Nazwa osobowa (NP)
    • Backus, William
    • d
    • Daty biograficzne (NP)
    • (1926- ).
    • 9
    • KHW
    • 418963
245 -Strefa tytułu i oznaczenia odpowiedzialności [1,0]
    • a
    • Tytuł
    • Mówienie prawdy sobie nawzajem / Find
    • c
    • Pozostałe elementy strefy tytułu i oznaczenia odpowiedzialności (NP)
    • William Backus ; [przekł. i red. Andrzej Gandecki].
246 -Wariant tytułu [1, ]
    • i
    • Tekst wyświetlany na ekranie monitora (NP)
    • Tyt. oryg.:
    • a
    • Tytuł (NP)
    • Telling each other the truth
260 -Strefa adresu wydawniczego [ , ]
    • a
    • Miejsce wydania (P)
    • Lublin :
    • b
    • Nazwa wydawcy (P)
    • "Pojednanie",
    • c
    • Data wydania (P)
    • 1993.
300 -Strefa opisu fizycznego [ , ]
    • a
    • Określenie formy książki i/lub objętość (NP)
    • 160 s. ;
    • c
    • Format (NP)
    • 21 cm.
336 -Typ zawartości [ , ]
    • a
    • Termin opisujący typ zawartości
    • Tekst
    • b
    • Kod określający zawartość
    • txt
    • 2
    • Źródło (terminu i kodu)
    • rdacontent
337 -Typ mediów [ , ]
    • a
    • Tryb odtwarzania
    • Bez urządzenia pośredniczącego
    • b
    • Kod typu mediów
    • n
    • 2
    • Źródło (terminu i kodu)
    • rdamedia
338 -Typ/rodzaj nośnika [ , ]
    • a
    • Hasło opisujące typ nośnika
    • Wolumin
    • b
    • Kod typu nośnika
    • nc
    • 2
    • Źródło (terminu i kodu)
    • rdacarrier
500 -Uwaga ogólna [ , ]
    • a
    • Uwaga ogólna (NP)
    • Na okł. podtyt.: Co powiedzieć? Jak to powiedzieć? Kiedy to zrobić?
080 -Uniwersalna Klasyfikacja Dziesiętna [ , ]
    • a
    • Symbol klasyfikacji
    • 159.94
    • 9
    • UKD
    • 2435
    • 2
    • Identyfikator wydania tablic
    • UDC-P058
    • b
    • Dopowiedzenie
    • Funkcje wykonawcze. Odruchy.
650 -Hasło przedmiotowe [ ,7]
    • a
    • Hasło przedmiotowe
    • Prawda i kłamstwo
    • x
    • Określnik rzeczowy
    • aspekt religijny
    • x
    • Określnik rzeczowy
    • chrześcijaństwo.
    • 2
    • Źródło terminu
    • kaba
    • 9
    • KHW
    • 419178
650 -Hasło przedmiotowe [ ,7]
    • a
    • Hasło przedmiotowe
    • Stosunki międzyludzkie
    • x
    • Określnik rzeczowy
    • aspekt religijny
    • x
    • Określnik rzeczowy
    • chrześcijaństwo.
    • 2
    • Źródło terminu
    • kaba
    • 9
    • KHW
    • 419179
980 -Symbol UKD [ , ]
    • a
    • UKD
    • 159.94
700 -Hasło dodatkowe - nazwa osobowa [1, ]
    • a
    • Nazwa osobowa (NP)
    • Gandecki, Andrzej. Find
    • e
    • Określenie rodzaju współpracy
    • Tł.
    • 9
    • KHW
    • 98267
710 -Hasło dodatkowe - nazwa ciała zbiorowego [2, ]
    • a
    • Nazwa ciała zbiorowego lub nazwa geograficzna jako pierwszy element (NP)
    • Wydawnictwo Pojednanie Andrzej Gandecki.
    • 4
    • Kod relacji
    • pbl
    • 9
    • KHW
    • 419006
920 -ISBN [ , ]
    • a
    • ISBN
    • 83-85646-09-4 Find
Lokalizacja Data inwentaryzacji Status udost. Numer inwentarzowy
BG1995-03-231Pd.7600